[Event "Biel GM 51st"]
[Site "Biel"]
[Date "2018.07.31"]
[Round "9"]
[White "Georgiadis, Nico"]
[Black "Vachier Lagrave, Maxime"]
[Result "1/2-1/2"]
[WhiteElo "2526"]
[BlackElo "2779"]
[Annotator "Golubev,M"]
[PlyCount "84"]
[EventDate "2018.07.22"]
[EventType "tourn"]
[EventRounds "10"]
[EventCountry "SUI"]
[EventCategory "20"]
[SourceTitle "CBM 186"]
[Source "ChessBase"]
[SourceDate "2018.09.14"]
[SourceVersion "1"]
[SourceVersionDate "2018.09.14"]
[SourceQuality "1"]

1. d4 Nf6 2. c4 g6 3. g3 c6 4. Bg2 d5 5. Nf3 (5. Qa4 {Mamedyarov-Svidler,
Round 4.}) 5... Bg7 6. Nbd2 {An ultra-solid move.} Ne4 ({Vachier-Lagrave
already used this idea previously:} 6... O-O 7. O-O {and now} Ne4 ({while
other typical moves for Black in this variation are} 7... Bf5 {and 7. ..a5}))
7. b3 $5 O-O 8. Bb2 Na6 {This is a bit imprecise, perhaps.} 9. O-O Bf5 10. Nh4
$1 Nxd2 11. Qxd2 Be6 12. Rac1 Qd7 13. Rfd1 Rfd8 14. Nf3 {White is slightly
better. And there was nothing new so far!} Rac8 $146 (14... Nc7 {Carlsen-Anand,
Kristiansund rapid 2010.}) ({After} 14... Bh3 $143 {(Nguyen Anh Khoi-Nguyen
Minh Tuan, Ho Chi Minh HD Bank open 2015) White has} 15. cxd5 cxd5 16. Ne5 $1)
15. Ne5 Bxe5 16. dxe5 ({Here} 16. cxd5 $5 {was worth trying}) 16... dxc4 17.
Qxd7 Rxd7 18. Rxd7 Bxd7 19. Rxc4 Be6 20. Rd4 ({After} 20. Ra4 {Black has} Rd8
$1 $11) 20... Kf8 ({As it seems, it was possible to develop counterplay
quickly:} 20... b5 $1 21. Rd2 ({or} 21. f4 c5 22. Rd2 Nb4 $1) 21... Nb4 22. a3
Na2 $1 23. b4 c5 $1 24. bxc5 Rxc5 $11) 21. f4 Ke8 ({Here} 21... b5 $5 {is
already less convincing:} 22. Rd2 Nb4 23. Bc3 Nd5 24. Ba5 Ne3 $1 25. Be4 $1 {
and if} c5 26. Rd3 $1) 22. Ra4 $1 {The ending becomes unpleasant for Black.}
Rc7 ({If} 22... Rd8 23. Bd4 $1) 23. Kf2 Bc8 24. Rc4 $6 {Making Black's life
easier. The rook was placed well on a4 for the time being.} c5 $1 25. a3 ({
Even here} 25. Ra4 $5 {makes some sense} b6 26. Bc3 Nb8 $140 (26... e6 $1) 27.
e6 $1 {, etc.}) ({Or} 25. Rc1 $5) 25... Be6 26. Rc3 b5 $1 $11 {Because of
White's slight inaccuracies Black has activated his forces. The game ended in
a draw after} 27. Ke3 Nb8 28. b4 Nd7 29. bxc5 Nxc5 30. Be4 Bc4 31. Bc2 Nd7 32.
Be4 a5 33. Rc1 Nc5 34. Bf3 Nb3 35. Rc2 Kd8 36. Bd4 $5 Nxd4 37. Kxd4 Be6 38. Be4
Bc4 39. e3 f5 40. exf6 exf6 41. Rc3 f5 42. Bf3 Ke7 1/2-1/2

[Event "WchT 4th"]
[Site "Luzern"]
[Date "1997.10.31"]
[Round "7.4"]
[White "Romanishin, Oleg M"]
[Black "Temirbayev, Serikbay"]
[Result "1-0"]
[WhiteElo "2550"]
[BlackElo "2475"]
[Annotator "Hecht,H"]
[PlyCount "119"]
[EventDate "1997.10.25"]
[EventType "team-tourn"]
[EventRounds "9"]
[EventCountry "SUI"]
[SourceTitle "CBM 062"]
[Source "ChessBase"]
[SourceDate "1998.01.31"]
[SourceVersion "1"]
[SourceVersionDate "1998.01.31"]
[SourceQuality "1"]
[WhiteTeam "Ukraine"]
[BlackTeam "Kazakhstan"]
[WhiteTeamCountry "UKR"]
[BlackTeamCountry "KAZ"]

1. d4 Nf6 2. Nf3 g6 3. g3 Bg7 4. Bg2 O-O 5. O-O d5 6. c4 c6 7. Bf4 dxc4 8. Qc1
Be6 9. Bh6 Bd5 10. Bxg7 Kxg7 11. Nbd2 Nbd7 12. Nxc4 a5 13. Rd1 a4 14. Qc3 Qb8
15. Rac1 Ne4 16. Qe3 Nd6 17. Nfe5 Nxc4 18. Nxc4 e6 19. a3 Nf6 20. Ne5 Ra5 21.
Qf4 Bxg2 22. Kxg2 Qd8 23. e4 Rb5 24. Nc4 Qe7 25. Qf3 Rd8 26. Rc3 h5 27. h3 Ne8
28. Rd2 Nd6 29. Qe2 Ne8 30. Rcd3 Nd6 31. Re3 Qc7 32. Rc3 Qe7 33. Rf3 Rf8 34.
Nxd6 Qxd6 35. Qc4 Ra8 36. Rfd3 Kg8 37. h4 Qe7 38. d5 exd5 39. exd5 Rxd5 40.
Rxd5 cxd5 41. Rxd5 Qf6 42. Rb5 Qa6 43. Rb4 Qxc4 44. Rxc4 Ra6 45. Rb4 b6 46. Kf3
Kf8 47. Ke4 Ke7 48. Rd4 Ke6 49. f4 f5+ 50. Kd3 Ra5 51. Kc4 Rc5+ 52. Kb4 Rc2 53.
Kxa4 Rxb2 54. Rb4 Rxb4+ 55. Kxb4 {[#] Umgehung, Zugzwang und Gewinn um genau
ein Tempo. Sehr instruktiv!} Kd7 56. Kb5 Kc7 57. Ka6 $1 Kc6 58. a4 $22 Kc5 (
58... Kc7 59. Ka7 Kc6 60. Kb8 b5 61. a5 (61. axb5+ Kxb5 62. Kc7 Kc5 63. Kd7 Kd5
64. Ke7 Ke4 65. Kf6 Kf3 66. Kxg6 Kxg3 67. Kg5 $18) 61... b4 62. a6 b3 63. a7 b2
64. a8=Q+ $18) 59. Kb7 b5 60. axb5 (60. axb5 Kxb5 61. Kc7 Kc5 62. Kd7 Kd5 63.
Ke7 Ke4 64. Kf6 Kf3 65. Kxg6 Kxg3 66. Kg5 $22) 1-0

[Event "Olympiad-40"]
[Site "Istanbul"]
[Date "2012.08.29"]
[Round "2.3"]
[White "Illescas Cordoba, Miguel"]
[Black "Teterev, Vitaly"]
[Result "1-0"]
[WhiteElo "2601"]
[BlackElo "2528"]
[Annotator "Illescas Cordoba,M"]
[PlyCount "95"]
[EventDate "2012.08.28"]
[EventType "team-swiss"]
[EventRounds "11"]
[EventCountry "TUR"]
[SourceTitle "EXT 2014"]
[Source "ChessBase"]
[SourceDate "2013.11.20"]
[SourceVersion "1"]
[SourceVersionDate "2013.11.20"]
[SourceQuality "1"]
[WhiteTeam "Spain"]
[BlackTeam "Belarus"]
[WhiteTeamCountry "ESP"]
[BlackTeamCountry "BLR"]

1. d4 Nf6 2. c4 g6 3. g3 c6 4. Nf3 d5 5. Qb3 {[%csl Gc4]} Bg7 6. Bg2 Qb6 7. Nc3
O-O 8. O-O Rd8 9. c5 Qxb3 10. axb3 {[%cal Gb3b5]} Na6 {[%csl Yb4]} 11. Bf4 Nh5
{[%csl Yf4][%cal Gh5f4]} 12. Be3 Bg4 13. Ra4 {[%cal Gb3b4]} Nc7 $146 (13...
Bxf3 14. Bxf3 e5 15. Bxh5 gxh5 16. dxe5 Bxe5 17. Rd1 $14 {1-0 Sedlak,N (2570)
-Pavlovic,M (2540)/Kragujevac 2010/CBM 136 Extra (34)}) 14. Ne5 {[%csl Yg4]
[%cal Ge5g4]} ({It was a very important strategic point to force a6. After} 14.
Rfa1 $1 a6 15. Ne5 {white has very good chances to press in the middlegame.})
14... Bc8 $5 15. g4 Bxe5 $5 (15... Nf6 16. Bf4 Ne6 17. Bg3 h5 18. h3 hxg4 19.
hxg4 Nd7 20. Nxd7 Bxd7 21. e3 $14) 16. dxe5 Ng7 17. f3 $6 {Too optimistic.} ({
It was better} 17. Bg5 $1 Re8 18. Bh6 Nge6 19. b4 $14) 17... Nge6 {[%cal Yd5d4]
} 18. Bf2 Na6 $1 {[%csl Yc5][%cal Ga6c5] With the black pawn on a6 this would
not be possible!} 19. b4 d4 20. Ne4 b5 $2 {A bad mistake.} ({Black was more
than OK after} 20... Nf4 $1 21. Bh4 (21. Re1 d3 22. exd3 Nxd3 23. Rd1 Be6)
21... Kf8 $1 (21... Nxe2+ 22. Kf2 d3 23. Bxe7 Rd4 $13) 22. Re1 d3 $1 (22... Be6
23. Bg5 Nxg2 24. Kxg2) 23. exd3 Nxd3 24. Rd1 Be6 $15) 21. cxb6 axb6 22. Bh4 $1
{[%csl Ye7][%cal Gh4e7]} Kf8 23. f4 $16 {[%cal Gf4f5] Now white enjoys a clear
advantage. The threat is f4-f5} Ng7 24. Nf2 {[%csl Yc6][%cal Gg2c6]} Bb7 25.
Nd3 {[%csl Gd3][%cal Gh4e7,Gg2c6]} Nc7 26. Rxa8 Bxa8 27. Ra1 {Not bad but...} (
{it was better} 27. Bxc6 $1 Bxc6 28. Rc1 {[%csl Yc6,Rc7][%cal Gc1c6]}) ({
I was also checking} 27. Rc1 Nd5 28. Ra1 $1 ({Better than} 28. Bxd5 Rxd5 29.
Ra1 Bb7 30. Ra7 Rd7)) 27... Nb5 28. Ra6 {[%csl Yb6]} Rb8 {[%csl Gb6]} 29. Kf2
e6 $2 {This allows a simple combination.} ({passive but better was} 29... Nc7
30. Ra7 Nge8 $16) 30. Rxa8 $1 Rxa8 31. Bxc6 {[%csl Ya8,Yb5]} Nc7 32. Bxa8 Nxa8
33. Kf3 $18 {[%csl Rd4] The d4 pawn is doomed, so white's advantage is really
decisive.} h5 34. h3 {[%csl Rg7]} hxg4+ 35. hxg4 Ne8 36. Ke4 Nec7 37. Kxd4 {
With two pawns up the rest was not difficult.} Ke8 38. e4 Kd7 39. Kc4 Kc6 40.
b5+ $1 Kd7 (40... Nxb5 $2 41. Nb4+) 41. b3 Ne8 42. Kb4 Ng7 43. Nb2 Ne8 44. Nc4
Kc7 45. Ka4 Kd7 46. Bf2 Kc7 47. Bd4 Kb7 48. Nd6+ (48. Nd6+ Nxd6 49. exd6 Kc8
50. Bf6 Kd7 51. Be7 {[%csl Yf7][%cal Ga4d4,Gd4f6]}) 1-0

[Event "Biel MTO op 50th"]
[Site "Biel"]
[Date "2017.07.28"]
[Round "5"]
[White "Ganguly, Surya Shekhar"]
[Black "Karthikeyan, Murali"]
[Result "1/2-1/2"]
[WhiteElo "2658"]
[BlackElo "2579"]
[Annotator "Karthikeyan,M"]
[PlyCount "75"]
[EventDate "2017.07.24"]
[EventType "swiss"]
[EventRounds "9"]
[EventCountry "SUI"]
[SourceTitle "CBM 180"]
[Source "ChessBase"]
[SourceDate "2017.09.13"]
[SourceVersion "1"]
[SourceVersionDate "2017.09.13"]
[SourceQuality "1"]

1. Nf3 Nf6 2. g3 g6 3. Bg2 Bg7 4. d4 O-O 5. O-O d5 6. c4 c6 7. Nbd2 a5 8. b3
Bf5 9. Nh4 $5 {A relatively unexplored line in a well known position.} Be6 (
9... e6 {It is an intersting option to consider but Black has to make sure
that the consequences are fine for him.} 10. Nxf5 exf5 11. e3 Nbd7 12. Qc2 {
Black has to come up with a plan, for example:} Ne4 {or} (12... h5 13. Ba3 Re8
14. Rfc1 $14) 13. Ba3 Re8 14. cxd5 cxd5 15. Nxe4 fxe4 16. Rfc1 $14) 10. e3 Nbd7
(10... a4 11. Ba3 Re8 (11... axb3 12. axb3 $14 {White can utilise a file.}) 12.
Qe2 Nbd7 $11 {this line could also be played.}) (10... Na6 11. a3 $14 {[%csl
Ya6] The question which remains is how the a6-knight will find a good square.})
11. a4 (11. Qe2 Re8 12. Ba3 a4 {transposes to one of the variation above.}) (
11. f4 Bg4 12. Qc2 e6 $11 {and White has to worry about the e4-square.}) 11...
c5 (11... Re8 12. Bb2 $14 {Black doesn't have a suitable plan to follow.}) 12.
Bb2 $6 (12. Nhf3 Bf5 (12... cxd4 13. Nxd4 $14 {is the point. The knight comes
to d4 where it will be more effective than the bishop.}) 13. Bb2 $11 {,+=})
12... cxd4 13. exd4 (13. Bxd4 Rc8 $11) 13... Rc8 $11 14. Qe2 (14. f4 dxc4 15.
f5 c3 $17) (14. Rc1 Qb6 15. Ba1 Nb8 $11 {[%csl Yd4,Gd5][%cal Gb8c6] is the
main idea for Black.}) 14... Qb6 (14... Nb8 15. Nhf3 Nc6 16. Ne5 $11 {/+/=
White is in time with his knight.}) 15. c5 $6 (15. Rfb1 $5 Nb8 $11 (15... Qa6
16. Bf1 {is the point of keeping Rfb1, it vacates the f1-square for the bishop
and supports Qe2.} Nb8 (16... dxc4 17. bxc4 $16) (16... Nb6 17. Rc1 $14) 17.
Nhf3 Nc6 $11)) 15... Qd8 $6 (15... Qa7 {This is a better square than d8.} 16.
Nhf3 (16. Rfc1 b6 17. cxb6 (17. c6 Nb8 18. Qb5 Ne8 $17 {and White loses the
c6-pawn in a few moves.}) 17... Qxb6 $15 {similar to the game but the queen
also puts pressure on c5 while it is on a7.}) 16... b6 17. Ng5 Bf5 18. cxb6
Qxb6 $15) 16. Rac1 b6 17. cxb6 $6 (17. Qb5 Ne4 (17... bxc5 18. dxc5 Nb8 19.
Nhf3 $11) 18. Nxe4 dxe4 19. Bxe4 (19. c6 Nf6 $15) 19... bxc5 $15 {[%csl Yb2]
[%cal Gg7b2]}) (17. Ba3 bxc5 18. dxc5 Nb8 19. Rfd1 $11 {Still White also has
chances.}) 17... Qxb6 18. Qe3 $2 (18. Nhf3 $5 $15) (18. Qd3 $5 Ne4 $15 {
is similar to the game but doesn't allow ...Ng4 with tempo.}) 18... Ne4 $6 (
18... Ng4 $1 19. Qd3 (19. Qe2 Bxd4 20. Bxd4 Qxd4 $17 {White is simply a pawn
down for no compensation.}) 19... Nxf2 $1 (19... Nde5 20. dxe5 Rxc1 21. Bxc1
$18) (19... Rxc1 20. Rxc1 Nde5 21. Qe2 (21. dxe5 Bxe5 22. Bxe5 Qxf2+ 23. Kh1
Nxe5 24. Qc3 Rc8 25. Qb2 Rxc1+ 26. Qxc1 Nd3 $19) 21... Nc6 22. Nhf3 Nxd4 23.
Bxd4 Bxd4 24. Nxd4 Qxd4 25. Nf3 Qb6 $17) 20. Kxf2 (20. Rxf2 Rxc1+ 21. Bxc1 Bxd4
22. Qe2 Qc5 $19 {[%csl Rc1]}) 20... Ne5 21. Qb5 (21. Qe2 Ng4+ 22. Ke1 Bxd4 $19)
(21. Qb1 Rxc1 22. Bxc1 Qxd4+ 23. Ke2 Bc8 $19) 21... Qxb5 22. axb5 Nd3+ 23. Ke3
Nxb2 24. b6 a4 $1 (24... Rb8 {This move is also playable.} 25. Rb1 Rfc8 26.
Rxb2 Rc3+ 27. Ke2 Bxd4 $17) 25. bxa4 Ra8 $1 (25... Nxa4 26. b7 $11) 26. Ra1 (
26. Rb1 Rxa4 $19 {This is the point of ...Ra8. The b2-knight is taboo and it
blocks the b-file. White loses the b-pawn which was his only counterplay.})
26... Rfb8 27. a5 Bh6+ 28. Ke2 Bxd2 29. Kxd2 Rxa5 30. Rxa5 Nc4+ 31. Kc3 Nxa5
32. Rb1 Nc4 33. b7 Nd6 $19 {and White loses his second pawn.}) 19. Nxe4 $2 (19.
Nhf3 Ndf6 $15) (19. Bxe4 dxe4 20. Qxe4 (20. Rxc8 Rxc8 21. Qxe4 (21. d5 Qxe3 22.
fxe3 Bxd5 $19) 21... Bxb3 22. Nxb3 Qxb3 $17) 20... Bxb3 21. Nxb3 Qxb3 $17)
19... dxe4 20. Qxe4 Qxb3 21. Qb7 Rxc1 (21... Nb6 22. Rb1 Nxa4 $17 {this
variation is also possible.}) 22. Rxc1 Qxb7 $2 (22... Nb6 23. Ba1 (23. Bc3 Rc8
$19) 23... Bh6 $19 {[%csl Rc1]} (23... Nxa4 24. Qxe7 $17) (23... Qa3 24. Rb1
Nxa4 25. Bc6 Bf6 $17)) 23. Bxb7 Nb6 (23... Rb8 24. Rc8+ Rxc8 25. Bxc8 Nb6 26.
Bxe6 Nxa4 27. Bc1 fxe6 28. Bd2 Bxd4 29. Bxa5 $11 {Black can still try but
ultimately it should result in draw.}) 24. Ba3 Rb8 (24... Bxd4 25. Bxe7 Rb8 26.
Bc6 Nd5 $17 {this variation is also possible.}) 25. Bc6 Rc8 $2 (25... Bxd4 26.
Bxe7 Nd5 {transposes to above.}) (25... Nd5 $5 $17) 26. Nf3 Bb3 27. Bb5 Rxc1+
28. Bxc1 Bd1 29. Kg2 (29. Ne5 $11 {This move is also good. One sample line is.}
Bxa4 30. Bxa4 Nxa4 31. Bd2 (31. Nc6 $2 Nb6 32. Nxa5 (32. Nxe7+ Kf8 $17 {
[%csl Ga5,Yd4]}) 32... Bxd4 $17) 31... Bxe5 32. dxe5 Nb6 33. Bxa5 $11) 29...
Nxa4 30. Bd2 Nb6 (30... Nb2 31. Bc3 Na4 32. Bxa5 $11) 31. Bxa5 Bxf3+ 32. Kxf3
Bxd4 33. Bxb6 Bxb6 34. g4 e6 35. h3 Kg7 36. Kg2 f5 37. gxf5 gxf5 38. f3 {
Black was obviously better right from the middlegame. Due to a lack of
accuracy and perfect play, White held on to a draw by precise calculation.
Even though Black attained an advantage, it could not be converted. This means
the player with the advantage should put in maximum efforts until the end of
the game} 1/2-1/2

[Event "Moscow Tal Memorial 2nd"]
[Site "Moscow"]
[Date "2007.11.17"]
[Round "7"]
[White "Alekseev, Evgeny V"]
[Black "Shirov, Alexei"]
[Result "0-1"]
[WhiteElo "2716"]
[BlackElo "2739"]
[Annotator "Krasenkow,M"]
[PlyCount "94"]
[EventDate "2007.11.10"]
[EventType "tourn"]
[EventRounds "9"]
[EventCountry "RUS"]
[EventCategory "20"]
[SourceTitle "CBM 122"]
[Source "ChessBase"]
[SourceDate "2008.01.30"]
[SourceVersion "1"]
[SourceVersionDate "2008.01.30"]
[SourceQuality "1"]

1. d4 Nf6 2. c4 g6 3. g3 c6 4. Nf3 d5 5. Qb3 Bg7 6. Bg2 O-O 7. O-O Qb6 8. Nc3
Bf5 9. Ne5 e6 10. Bf4 Nbd7 11. Qxb6 axb6 12. f3 Nxe5 (12... c5 $6 13. dxc5 d4
14. Nb5 bxc5 15. Nxd7 Nxd7 16. Bd6 Rfc8 17. f4 Rc6 18. a4 Bc2 19. Ra3 Nb6 20.
Rc1 d3 21. exd3 Rxd6 22. Rxc2 Rd7 23. a5 Nc8 24. d4 cxd4 25. c5 Ne7 26. Nd6 $16
{1/2-1/2 Kramnik,V-Gelfand,B/Dos Hermanas 1996/CBM 053/[Hecht] (62)}) 13. Bxe5
(13. dxe5 $6 Nd7 14. e4 (14. g4 Bc2 15. Rfc1 d4 $15) 14... dxe4 15. fxe4 Bg4
16. h3 Bh5 17. g4 g5 $15 {Kantsler,B}) 13... g5 $1 14. e4 Bg6 {This line was
covered in CBM several times by GM Lubomir Ftacnik (CBM 56, 65).} 15. cxd5 (15.
b3 Rfd8 16. Rfd1 (16. Bc7 $2 Nxe4 $1 $17) 16... dxe4 $6 (16... h5) (16... Ra3 {
Kramnik,V,Dolmatov,S}) 17. fxe4 Ng4 18. Bxg7 Kxg7 19. Bf3 h5 20. Rd2 Ne5 21.
Bg2 c5 22. d5 Nc6 $1 23. Rad1 (23. Re1 $142 $14 {Kramnik,V,Dolmatov,S}) 23...
Nd4 24. e5 exd5 25. cxd5 Re8 $132 {1/2-1/2 Kramnik,V-Shirov,A/Cazorla 1998/CBM
065/[Ftacnik] (33)}) 15... exd5 16. Rad1 Rfd8 $5 $146 {[%mdl 8] A new move
prepared by Shirov instead of the obvious} (16... b5 17. a3 (17. exd5 b4 18.
Bxf6 Bxf6 19. Ne4 Bg7 $132) 17... dxe4 (17... Rfd8 {is now poor due to} 18.
Bxf6 Bxf6 19. exd5 cxd5 20. Nxb5 $16 {Ftacnik,L}) 18. fxe4 Nd7 (18... Ng4 19.
Bxg7 Kxg7 20. Rfe1 Rfd8 21. h3 Nf6 22. e5 Nh5 23. Kf2 $14 Rdc8 24. d5 cxd5 25.
Rxd5 b4 26. axb4 Rc7 27. b5 $16 {1-0 Wojtkiewicz,A-Sandhu,H/FIDE.com 2001/EXT
2003 (39)}) 19. Bd6 Rfe8 20. e5 Nb6 (20... f5 $5 {Ftacnik,L}) 21. d5 $1 Rac8
22. Bh3 Ra8 23. Bc7 Nxd5 $2 (23... Nc4 $1 24. dxc6 bxc6 25. Bd7 Nxb2 26. Bxe8
Rxe8 27. Rd6 Bxe5 28. Rxc6 Bd4+ $132 {Ftacnik,L}) 24. Nxd5 cxd5 25. Rxd5 $14 {
1-0 Mikhalevski,V-Vydeslaver,A/Jerusalem 1996/CBM 056/[Ftacnik] (56)}) 17. a3
$6 (17. Bxf6 Bxf6 18. exd5 cxd5 {is now quite harmless}) ({The obvious} 17. Bc7
Rdc8 (17... dxe4 18. fxe4 $1 (18. Bxd8 $143 Rxd8 19. fxe4 $140 $6 Ng4) 18...
Ng4 19. Bxb6 Ne3 20. Bxd8 Rxd8 21. d5 {although it is difficult for White to
win due to Black's strong g7 bishop.}) 18. Bd6 {needs more analysis} ({but not
} 18. Bxb6 $2 Nd7) 18... Rd8 $140 19. e5) 17... dxe4 18. fxe4 Ne8 $1 19. Bxg7
Kxg7 {This typical position is generally not so favorable for the side which
has hanging central pawns (of course, with the queens on the board the
evaluation would be quite different). The 14th match game between Botvinnik
and Petrosian is the most famous classical example. In this game, however,
Black has double b-pawns, which makes a difference.} 20. Rfe1 Nd6 21. Bf1 f6
22. Kf2 b5 23. Bd3 ({Perhaps it was time to play} 23. e5 {simplifying the game.
}) 23... Nf7 24. Bb1 Rd7 {[%cal Ra8d8]} 25. Ba2 $2 {[%mdl 16384] White tries
to avoid both d4-d5 and passive defence like} (25. h3 Rad8 26. Ke3) {However,
the latter was probably the best option as after the text move White is in
deep trouble.} 25... Bh5 26. Be6 (26. Rd2 Ne5 {[%cal Re5f3] was probably what
White missed.}) 26... Re7 27. g4 $8 Rxe6 28. gxh5 Kh6 {[%csl Rh5] This pawn is
doomed.} 29. d5 Re7 30. Ne2 {desperation.} Rxe4 31. dxc6 bxc6 32. Ng3 Rxe1 33.
Kxe1 Rd8 34. Rxd8 Nxd8 {and Black convincingly won this knight endgame:} 35. b3
Nb7 36. a4 b4 37. Kd2 Na5 38. Kd3 c5 39. Ne4 Nxb3 40. Nxf6 Na5 41. Kc2 c4 42.
Nd5 Nc6 43. Ne3 c3 44. Nd5 Kxh5 45. Nxb4 Nxb4+ 46. Kxc3 Na6 47. Kc4 Kh4 0-1